Estudios sobre la Iglesia española medieval : (Record n. 12168)
[ formato base ]
| 000 -LEADER | |
|---|---|
| fixed length control field | 01143nam a2200265 i 4500 |
| 003 - CONTROL NUMBER IDENTIFIER | |
| control field | IT-RoINE |
| 005 - DATE AND TIME OF LATEST TRANSACTION | |
| control field | 20170612134346.0 |
| 008 - FIXED-LENGTH DATA ELEMENTS--GENERAL INFORMATION | |
| fixed length control field | 900725s1929 sp h r ||1|||spa|d |
| 040 ## - CATALOGING SOURCE | |
| Original cataloging agency | SpMaBN |
| Transcribing agency | A2 IT-RoINE |
| Modifying agency | IT-RoINE |
| 100 1# - MAIN ENTRY--PERSONAL NAME | |
| Personal name | Gavira Martin, José, |
| Dates associated with a name | 1903-1951 |
| 9 (RLIN) | 24823 |
| 245 10 - TITLE STATEMENT | |
| Title | Estudios sobre la Iglesia española medieval : |
| Remainder of title | Episcopologios de sedes navarro-aragonesas durante los siglos XI y XII / |
| Statement of responsibility, etc | por José Gavira Martín ; con un prólogo de Don Eduardo Ibarra. |
| 260 ## - PUBLICATION, DISTRIBUTION, ETC. (IMPRINT) | |
| Place of publication, distribution, etc | Madrid : |
| Name of publisher, distributor, etc | Justo Lopez, |
| Date of publication, distribution, etc | 1929. |
| 300 ## - PHYSICAL DESCRIPTION | |
| Extent | 179 p. : |
| Other physical details | facs. ; |
| Dimensions | 21 cm. |
| 336 ## - CONTENT TYPE | |
| Source | rdacontent |
| Content type term | text |
| 337 ## - MEDIA TYPE | |
| Source | rdamedia |
| Media type term | unmediated |
| 338 ## - CARRIER TYPE | |
| Source | rdacarrier |
| Carrier type term | volume |
| 500 ## - GENERAL NOTE | |
| General note | Incluye índice. |
| 504 ## - BIBLIOGRAPHY, ETC. NOTE | |
| Bibliography, etc | Incluye referencias bibliográficas. |
| 650 #4 - SUBJECT ADDED ENTRY--TOPICAL TERM | |
| Topical term or geographic name as entry element | Obispos |
| Geographic subdivision | España |
| -- | Aragón |
| General subdivision | Historia |
| Chronological subdivision | Siglos 11o.-12o. |
| 9 (RLIN) | 24826 |
| 650 #4 - SUBJECT ADDED ENTRY--TOPICAL TERM | |
| 9 (RLIN) | 24825 |
| Topical term or geographic name as entry element | Obispos |
| Geographic subdivision | Navarra (Reino) |
| General subdivision | Historia |
| Chronological subdivision | Siglos 11o.-12o. |
| 651 #4 - SUBJECT ADDED ENTRY--GEOGRAPHIC NAME | |
| 9 (RLIN) | 29676 |
| Geographic name | Aragón (Reino) |
| General subdivision | Historia eclesiástica |
| Chronological subdivision | Siglos 11o.-12o. |
| 651 #4 - SUBJECT ADDED ENTRY--GEOGRAPHIC NAME | |
| Geographic name | Navarra (Reino) |
| General subdivision | Historia eclesiástica |
| Chronological subdivision | Siglos 11o.-12o. |
| 9 (RLIN) | 35661 |
| 700 12 - ADDED ENTRY--PERSONAL NAME | |
| Personal name | Ibarra y Rodríguez, Eduardo, |
| Dates associated with a name | 1866-1944 |
| 9 (RLIN) | 9559 |
| 942 ## - ADDED ENTRY ELEMENTS (KOHA) | |
| Item type | Monografías |
| Withdrawn status | Lost status | Damaged status | Not for loan | Home library | Current library | Date acquired | Total Checkouts | Full call number | Barcode | Date last seen | Price effective from | Koha item type |
|---|---|---|---|---|---|---|---|---|---|---|---|---|
| Iglesia Nacional Española en Roma | Iglesia Nacional Española en Roma | 20/06/2016 | BIO 2512 | 27087 | 20/06/2016 | 20/06/2016 | Monografías |